000 00630nam a22001817a 4500
005 20251108175910.0
008 250721s2016 xx 000 0 ara d
082 1 4 _a618.9289/كوف
100 1 _aشاهين، حسن
_eمترجم
245 1 0 _aاختراق التوحد :
_bالطريقة الرائدة التي ساعدت العائلات في جميع انحاء العالم /
264 1 _aالرياض :
_bالعبيكان،
_c2016.
300 _a400ص.
650 1 7 _aامراض الاطفال
650 1 7 _aسيكولوجية الطفولة
650 1 7 _aالتوحد(مرض)
942 _2ddc
_cBK
999 _c145037
_d145037